| 000 | 00650nam a2200205 4500 | ||
|---|---|---|---|
| 001 | VA79555 | ||
| 003 | ES-SlBCS | ||
| 005 | 20210327231311.0 | ||
| 008 | 180207s1985 sp ||||| |||| 00| 0 spa d | ||
| 017 |
_aM-14872-1985 _bOficina Depósito Legal de Madrid |
||
| 020 | _a8423916545 | ||
| 040 |
_aES-SlBCS _bspa _erdc |
||
| 100 | 1 |
_aAyala, Francisco _d, 1906-2009 _9126055 |
|
| 245 | 1 | 3 |
_aLa retórica del periodismo y otras retóricas _cFrancisco Ayala ; prólogo de Rafael Lapesa |
| 260 |
_aMadrid : _bEspasa-Calpe _c, D.L. 1985 |
||
| 300 |
_a181 p. ; _c18 cm |
||
| 490 |
_aAustral _v, 1654 |
||
| 700 | 1 |
_aLapesa, Rafael _935331 |
|
| 942 |
_2lcc _cBK |
||
| 999 |
_c865380 _d865380 |
||